| 000 | 00890nam0a22002531 4500 | ||
|---|---|---|---|
| 001 | rc\2791605 | ||
| 005 | 20250529171238.0 | ||
| 035 | _a(NLR Aleph) 006917715 | ||
| 090 |
_a7413664 _c7413664 |
||
| 100 | _a20110915d1935 |||y0rusy50 ca | ||
| 101 | 0 | _arus | |
| 102 | _aRU | ||
| 105 | _ae z ||||| | ||
| 200 | 1 |
_aИзбранные произведения _fА. Чапыгин |
|
| 210 |
_aЛенинград _cГослитиздат _d1935 _gтип. "Печатный двор" и тип. "Печатня" |
||
| 215 |
_aПереплет, 254, [2] с. _cзаставки _d20х14 см. |
||
| 300 | _aПереплет, титул и заставки: Е. Д. Белуха | ||
| 700 | 1 |
_aЧапыгин _bА.П. _f1870-1937 _gАлексей Павлович |
|
| 801 | 0 |
_aRU _bNLR _gpsbo |
|
| 801 | 1 |
_aRU _bELAR _2rusmarc |
|
| 852 |
_aNLR _j35-3/762 |
||
| 942 | _cBOOK | ||
| 980 | _aNB | ||